[Event "Cuenca Crespi Memorial"]
[Site "Cuenca"]
[Date "2024.04.25"]
[Round "3"]
[White "Leon Calderon, Jonathan Francisco"]
[Black "Cevallos Mendoza, Carlos Alejandro"]
[Result "1-0"]
[WhiteElo "2073"]
[BlackElo "1645"]
[PlyCount "69"]
[EventDate "2024.04.24"]
[EventType "swiss"]
[EventRounds "9"]
[EventCountry "ECU"]
[SourceTitle "EXT 2025"]
[Source "ChessBase"]
[SourceDate "2024.10.14"]
[SourceVersion "1"]
[SourceVersionDate "2024.10.14"]
[SourceQuality "1"]

1. Nf3 Nf6 2. d4 d5 3. Bf4 c5 4. e3 e6 5. Nbd2 cxd4 6. exd4 Bd6 7. Bg5 h6 8. Bh4 Nc6 9. c3 Rb8 10. Bd3 b5 11. 0-0 a5 12. Re1 Bd7 13. Ne5 b4 14. Qf3 bxc3 15. bxc3 Be7 16. Bg3 Rb2 17. Nxc6 Bxc6 18. Nc4 Rb7 19. Ne5 Bd7 20. c4 0-0 21. c5 Rb2 22. Reb1 Rb4 23. Qe3 Nh5 24. a3 Rxb1+ 25. Rxb1 Nxg3 26. hxg3 Bf6 27. Rb6 Qc7 28. f4 Bxe5 29. Qxe5 Rc8 30. Ba6 f6 31. Qxc7 Rxc7 32. Rb7 Rxb7 33. Bxb7 Kf7 34. c6 Ke7 35. cxd7 1-0

[Event "ECU pre olympic"]
[Site "Quito"]
[Date "2024.04.13"]
[Round "9"]
[White "Leon Calderon, Jonathan Francisco"]
[Black "Moreno Viteri, Oscar Antonio"]
[Result "0-1"]
[WhiteElo "2073"]
[BlackElo "1890"]
[PlyCount "64"]
[EventDate "2024.04.09"]
[EventType "tourn"]
[EventRounds "11"]
[EventCountry "ECU"]
[SourceTitle "EXT 2025"]
[Source "ChessBase"]
[SourceDate "2024.10.14"]
[SourceVersion "1"]
[SourceVersionDate "2024.10.14"]
[SourceQuality "1"]

1. d4 e6 2. Nf3 f5 3. c4 Nf6 4. a3 Be7 5. Qc2 0-0 6. h3 b6 7. Bg5 Bb7 8. Bxf6 Bxf6 9. Nbd2 c5 10. dxc5 bxc5 11. e3 Nc6 12. Bd3 Rb8 13. Rb1 Ne5 14. 0-0 Nxf3+ 15. Nxf3 Bxf3 16. gxf3 f4 17. Bxh7+ Kh8 18. Be4 Be5 19. Rfd1 Qg5+ 20. Kf1 fxe3 21. Rd3 Qh4 22. Rxe3 Bd4 23. Rd3 d5 24. cxd5 exd5 25. Rxd4 Qxh3+ 26. Ke2 cxd4 27. Bxd5 Rbe8+ 28. Kd3 Rxf3+ 29. Bxf3 Qxf3+ 30. Kxd4 Rd8+ 31. Ke5 Qf6+ 32. Ke4 Qg6+ 0-1

[Event "ECU pre olympic"]
[Site "Quito"]
[Date "2024.04.11"]
[Round "6"]
[White "Guerrero Cajeca, Matias Israel"]
[Black "Leon Calderon, Jonathan Francisco"]
[Result "0-1"]
[WhiteElo "1908"]
[BlackElo "2073"]
[PlyCount "96"]
[EventDate "2024.04.09"]
[EventType "tourn"]
[EventRounds "11"]
[EventCountry "ECU"]
[SourceTitle "EXT 2025"]
[Source "ChessBase"]
[SourceDate "2024.10.14"]
[SourceVersion "1"]
[SourceVersionDate "2024.10.14"]
[SourceQuality "1"]

1. b3 c5 2. Bb2 Nc6 3. c4 e6 4. Nf3 d5 5. e3 d4 6. d3 e5 7. exd4 cxd4 8. Be2 Be6 9. 0-0 Be7 10. Nbd2 g5 11. Ne1 Qd7 12. Nc2 h5 13. Re1 g4 14. Bf1 h4 15. b4 g3 16. b5 gxf2+ 17. Kxf2 Nb4 18. Nf3 f6 19. Re4 Nxc2 20. Qxc2 Nh6 21. Bc1 Ng4+ 22. Kg1 Bf5 23. Re1 Bc5 24. h3 Ne3 25. Qf2 0-0-0 26. Nxh4 Bxh3 27. gxh3 Rdg8+ 28. Kh2 e4 29. Bxe3 dxe3 30. Qf5 Rg5 31. Qxd7+ Kxd7 32. dxe4 Rxh4 33. Bg2 Rf4 34. Rf1 Rf2 35. Rxf2 exf2 36. Rd1+ Bd6+ 37. Kh1 Ke7 38. Rd5 Be5 39. Rd2 Bg3 40. Rd1 Bh4 41. Rd3 b6 42. Ra3 Kd6 43. Rxa7 Re5 44. Bf1 Rg5 45. Bg2 Kc5 46. Rh7 Bg3 47. h4 Rg4 48. h5 Rh4+ 0-1

[Event "ECU pre olympic"]
[Site "Quito"]
[Date "2024.04.09"]
[Round "1"]
[White "Leon Calderon, Jonathan Francisco"]
[Black "Norona Obaco, Wenceslao Rodrigo"]
[Result "1-0"]
[WhiteElo "2073"]
[BlackElo "1828"]
[PlyCount "127"]
[EventDate "2024.04.09"]
[EventType "tourn"]
[EventRounds "11"]
[EventCountry "ECU"]
[SourceTitle "EXT 2025"]
[Source "ChessBase"]
[SourceDate "2024.10.14"]
[SourceVersion "1"]
[SourceVersionDate "2024.10.14"]
[SourceQuality "1"]

1. Nf3 d5 2. d4 Nf6 3. c4 c6 4. Qc2 dxc4 5. Qxc4 Bf5 6. e3 Nbd7 7. Bd3 Bxd3 8. Qxd3 e6 9. 0-0 Be7 10. Nc3 0-0 11. e4 Re8 12. Bg5 Qb6 13. a3 Rad8 14. e5 Nd5 15. Nxd5 cxd5 16. Bxe7 Rxe7 17. Rac1 h6 18. Rc2 Nb8 19. Rfc1 Nc6 20. b4 a6 21. Rc5 Na7 22. g4 Rf8 23. g5 h5 24. Nh4 g6 25. Qe3 Nc6 26. Qf4 Rd7 27. R1c3 Qd8 28. Nf3 Ne7 29. Rc2 Nf5 30. a4 Qe7 31. a5 Rb8 32. Qc1 Kg7 33. Qd2 b6 34. Rc6 bxa5 35. bxa5 Rb3 36. Kg2 Qa3 37. Ra2 Qb4 38. Qxb4 Rxb4 39. Rxa6 Nxd4 40. Rb6 Rxb6 41. axb6 Nc6 42. Rc2 Ne7 43. Nd4 Kf8 44. Rc7 Rxc7 45. bxc7 Ke8 46. Nc6 Nc8 47. Nb8 Nb6 48. Kf3 Nc8 49. Ke3 Ke7 50. Kd4 Ke8 51. Kc5 Kf8 52. Kc6 d4 53. Kb7 d3 54. Kxc8 d2 55. Kb7 d1Q 56. c8Q+ Kg7 57. Nc6 Qd2 58. Qd8 Qb2+ 59. Kc7 Qc2 60. Qf6+ Kg8 61. Kd7 Qa4 62. Ke7 Qxc6 63. Qxf7+ Kh8 64. Qe8+ 1-0

[Event "ECU-ch"]
[Site "Ibarra"]
[Date "2024.03.14"]
[Round "4"]
[White "Esmeraldas Huachi, Anderson Yahir"]
[Black "Leon Calderon, Jonathan Francisco"]
[Result "1-0"]
[WhiteElo "2148"]
[BlackElo "2073"]
[PlyCount "139"]
[EventDate "2024.03.13"]
[EventType "swiss"]
[EventRounds "9"]
[EventCountry "ECU"]
[SourceTitle "EXT 2025"]
[Source "ChessBase"]
[SourceDate "2024.10.14"]
[SourceVersion "1"]
[SourceVersionDate "2024.10.14"]
[SourceQuality "1"]

1. d4 d5 2. c4 c6 3. Nc3 Nf6 4. cxd5 cxd5 5. Bf4 a6 6. e3 e6 7. Nf3 Be7 8. Bd3 0-0 9. 0-0 Nc6 10. Rc1 Bd7 11. h3 b5 12. a4 b4 13. Ne2 Qb6 14. b3 Rfc8 15. Ne5 Be8 16. Nxc6 Bxc6 17. f3 Bb7 18. Bg3 Bd6 19. Qd2 Bxg3 20. Nxg3 Qd6 21. Ne2 h6 22. Rxc8+ Rxc8 23. Rc1 e5 24. Rxc8+ Bxc8 25. dxe5 Qxe5 26. Qc1 Bb7 27. Qc5 Nd7 28. Qa7 Qb8 29. Qd4 Qe5 30. Kf2 Qd6 31. Ng3 Qc5 32. Nf5 Qc3 33. Qxc3 bxc3 34. Nd4 Ne5 35. Bc2 g5 36. Ne2 Nc6 37. Nxc3 d4 38. exd4 Nxd4 39. Bd1 f5 40. Ke3 Ne6 41. Be2 Kg7 42. Bc4 Nf4 43. Bf1 Ne6 44. b4 Kf6 45. a5 Ke5 46. Na4 f4+ 47. Kd3 Bc6 48. Nb6 Nc7 49. Kc3 h5 50. Nc4+ Kd5 51. Nd2 Ke5 52. Bc4 Nb5+ 53. Kd3 g4 54. h4 g3 55. Bf7 Nd6 56. Bg6 Bb5+ 57. Kc3 Be2 58. Bd3 Nb5+ 59. Bxb5 Bxb5 60. Nc4+ Kd5 61. Nb2 Ke5 62. Nd3+ Kf5 63. Kd4 Bc6 64. Ne1 Bb5 65. Kd5 Be2 66. Nc2 Bd3 67. Nd4+ Kf6 68. b5 Ke7 69. b6 Kd7 70. Ne6 1-0

[Event "ECU-ch"]
[Site "Ibarra"]
[Date "2024.03.13"]
[Round "1"]
[White "Galarza Chalco, Sebastian Alexand"]
[Black "Leon Calderon, Jonathan Francisco"]
[Result "0-1"]
[WhiteElo "1698"]
[BlackElo "2073"]
[PlyCount "66"]
[EventDate "2024.03.13"]
[EventType "swiss"]
[EventRounds "9"]
[EventCountry "ECU"]
[SourceTitle "EXT 2025"]
[Source "ChessBase"]
[SourceDate "2024.10.14"]
[SourceVersion "1"]
[SourceVersionDate "2024.10.14"]
[SourceQuality "1"]

1. d4 d5 2. Nf3 Nf6 3. g3 e6 4. Bg2 Be7 5. 0-0 0-0 6. c4 c5 7. dxc5 Bxc5 8. Qc2 d4 9. Rd1 Nc6 10. a3 a5 11. Bf4 Qe7 12. Ne5 Ra6 13. Nd2 Nxe5 14. Bxe5 Ng4 15. b4 d3 16. Qb2 dxe2 17. bxc5 exd1Q+ 18. Rxd1 Nxe5 19. Qxe5 Rd8 20. Qe3 e5 21. Rb1 e4 22. Nxe4 Bf5 23. g4 Bg6 24. f4 Bxe4 25. Qxe4 Qxc5+ 26. Kh1 Rad6 27. Bf3 b6 28. Re1 Re6 29. Qb1 Qxc4 30. Be4 g6 31. f5 Re5 32. fxg6 hxg6 33. Re3 Rde8 0-1

[Event "American Continental 16th"]
[Site "San Salvador"]
[Date "2022.05.08"]
[Round "9"]
[White "Aspiazu Sibri, Marlon Steven"]
[Black "Leon Calderon, Jonathan Francisco"]
[Result "1/2-1/2"]
[WhiteElo "1949"]
[BlackElo "2126"]
[PlyCount "103"]
[EventDate "2022.05.02"]
[EventType "swiss"]
[EventRounds "11"]
[EventCountry "ESA"]
[SourceTitle "CBM 208 Extra"]
[Source "ChessBase"]
[SourceDate "2022.07.31"]
[SourceVersion "1"]
[SourceVersionDate "2022.07.31"]
[SourceQuality "1"]

1. c4 e6 2. g3 Nf6 3. Bg2 d5 4. Nf3 Be7 5. 0-0 0-0 6. b3 c5 7. e3 a6 8. Bb2 b5 9. d3 Qb6 10. Nbd2 Bb7 11. Qc2 Nc6 12. a3 Rfd8 13. Rac1 Ne8 14. cxd5 Rxd5 15. Rfd1 Rad8 16. Ne4 h6 17. Nc3 R5d7 18. Ne4 c4 19. bxc4 bxc4 20. d4 Na5 21. Rb1 Qb3 22. Qxb3 Nxb3 23. Ned2 Rc7 24. Bc3 Rdc8 25. Nxb3 cxb3 26. Ba5 Be4 27. Bxc7 Rxc7 28. Rxb3 Bc2 29. Rdd3 Bxd3 30. Rxd3 a5 31. Ne5 Rc1+ 32. Bf1 a4 33. Kg2 Nd6 34. d5 Rc5 35. Nc6 Bf8 36. Nb4 e5 37. Be2 e4 38. Rd4 Rc3 39. Bd1 Rxa3 40. Nc6 Ra1 41. Bxa4 f5 42. Bd1 g6 43. Be2 Ra2 44. Kf1 Nf7 45. Rd1 Bd6 46. h4 Kg7 47. Nd4 Kf6 48. Bc4 Rb2 49. Ra1 g5 50. hxg5+ hxg5 51. Ra6 Rb4 52. Rc6 1/2-1/2

[Event "Feria de las Flores 28th"]
[Site "Medellin"]
[Date "2021.08.08"]
[Round "8"]
[White "Leon Calderon, Jonathan Francisco"]
[Black "Munoz, Julian Andres"]
[Result "1-0"]
[WhiteElo "2092"]
[BlackElo "2154"]
[PlyCount "83"]
[EventDate "2021.08.04"]
[EventType "swiss"]
[EventRounds "9"]
[EventCountry "COL"]
[SourceTitle "EXT 2022"]
[Source "ChessBase"]
[SourceDate "2021.10.06"]
[SourceVersion "1"]
[SourceVersionDate "2021.10.06"]
[SourceQuality "1"]

1. b3 e5 2. Bb2 d6 3. e3 f5 4. c4 Nf6 5. d3 Be7 6. Nf3 0-0 7. Be2 b6 8. Nbd2 Bb7 9. b4 h6 10. d4 e4 11. Nh4 Bc8 12. Ng6 Rf7 13. f3 Kh7 14. Nxe7 Qxe7 15. 0-0 d5 16. Qb3 a5 17. Ba3 axb4 18. Bxb4 c5 19. Bc3 exf3 20. Rxf3 Bb7 21. Rg3 Nc6 22. Bd3 g6 23. Qxb6 Ra3 24. Qb2 cxd4 25. exd4 f4 26. Rf3 Ne4 27. Re1 Rxc3 28. Bxe4 Re3 29. Rfxe3 fxe3 30. Bf3 Qg5 31. Nf1 Nd8 32. Rxe3 dxc4 33. Qe2 Ba6 34. Re5 Qc1 35. Re8 Nb7 36. Qe6 Qf4 37. Qxa6 Qxd4+ 38. Ne3 Nd6 39. Re6 Nf5 40. Qxc4 Qa1+ 41. Nf1 Nd4 42. Re3 1-0

[Event "ECU-ch"]
[Site "Banos de Agua Santa"]
[Date "2020.03.13"]
[Round "6"]
[White "Leon Calderon, Jonathan Francisco"]
[Black "Munoz Sanchez, Jhon Marcelo"]
[Result "1/2-1/2"]
[WhiteElo "2054"]
[BlackElo "2220"]
[PlyCount "40"]
[EventDate "2020.03.10"]
[EventType "swiss"]
[EventRounds "9"]
[EventCountry "ECU"]
[SourceTitle "CBM 195 Extra"]
[Source "ChessBase"]
[SourceDate "2020.05.31"]
[SourceVersion "1"]
[SourceVersionDate "2020.05.31"]
[SourceQuality "1"]

1. e4 c5 2. Nf3 Nc6 3. d4 cxd4 4. Nxd4 Nf6 5. Nc3 e5 6. Ndb5 d6 7. Bg5 a6 8. Na3 b5 9. Bxf6 gxf6 10. Nd5 f5 11. exf5 Bxf5 12. Bd3 Be6 13. Qf3 Bg7 14. c3 0-0 15. g4 Kh8 16. Nc2 Bxd5 17. Qxd5 Ne7 18. Qg2 d5 19. 0-0-0 Qb6 20. f3 Rac8 1/2-1/2

[Event "ECU-ch"]
[Site "Banos de Agua Santa"]
[Date "2020.03.11"]
[Round "2"]
[White "Garzon Zapatanga, Christopher Leonel"]
[Black "Leon Calderon, Jonathan Francisco"]
[Result "0-1"]
[WhiteElo "1703"]
[BlackElo "2054"]
[PlyCount "70"]
[EventDate "2020.03.10"]
[EventType "swiss"]
[EventRounds "9"]
[EventCountry "ECU"]
[SourceTitle "CBM 195 Extra"]
[Source "ChessBase"]
[SourceDate "2020.05.31"]
[SourceVersion "1"]
[SourceVersionDate "2020.05.31"]
[SourceQuality "1"]

1. e4 e6 2. d4 d5 3. e5 b6 4. Nf3 Qd7 5. Bd3 c5 6. c3 Ba6 7. 0-0 Bxd3 8. Qxd3 Nc6 9. Bf4 Nge7 10. Na3 h6 11. Nb5 Ng6 12. Bg3 c4 13. Qe2 h5 14. h3 Ncxe5 15. dxe5 Qxb5 16. Nd4 Qd7 17. f4 Bc5 18. Qc2 Bxd4+ 19. cxd4 Ne7 20. Bf2 b5 21. b3 Rc8 22. bxc4 dxc4 23. Rfb1 Nd5 24. Be1 Nxf4 25. Bc3 Rh6 26. Qd2 Nd3 27. a4 b4 28. Rxb4 Nxb4 29. Bxb4 Rg6 30. Rf1 f5 31. Bd6 Qc6 32. Bc5 c3 33. Qe2 Rb8 34. Rf2 Rb2 35. Qxh5 Kf7 0-1

[Event "ECU-ch"]
[Site "Banos de Agua Santa"]
[Date "2020.03.10"]
[Round "1"]
[White "Leon Calderon, Jonathan Francisco"]
[Black "Quizhpe Martinez, Angel"]
[Result "1-0"]
[WhiteElo "2054"]
[BlackElo "1503"]
[PlyCount "111"]
[EventDate "2020.03.10"]
[EventType "swiss"]
[EventRounds "9"]
[EventCountry "ECU"]
[SourceTitle "CBM 195 Extra"]
[Source "ChessBase"]
[SourceDate "2020.05.31"]
[SourceVersion "1"]
[SourceVersionDate "2020.05.31"]
[SourceQuality "1"]

1. e4 c5 2. Nf3 d6 3. g3 Nc6 4. d4 cxd4 5. Nxd4 g6 6. Bg2 Bg7 7. Ne2 Nf6 8. 0-0 0-0 9. h3 Bd7 10. Be3 Ne5 11. Nd2 Qc8 12. f4 Nc6 13. Kh2 b5 14. Nb3 a5 15. Nbd4 Rb8 16. c3 a4 17. Qd2 Na5 18. Qd3 Nc4 19. Bc1 Qa6 20. Nc2 Rfc8 21. b3 Nb6 22. Ba3 Ne8 23. f5 Qa7 24. Nb4 Rc7 25. Nc2 Bc8 26. Bb4 Nd7 27. Ne3 Ne5 28. Qd2 Bb7 29. Nd4 Ba8 30. Qe2 Qb6 31. fxg6 hxg6 32. Nd5 Bxd5 33. exd5 Nf6 34. g4 Nfd7 35. g5 Nc5 36. Be4 Rcc8 37. Rf2 Na6 38. Rd1 Nxb4 39. cxb4 Rc3 40. Bg2 axb3 41. axb3 Rbc8 42. Rf4 Rb8 43. Kh1 Rbc8 44. Qf1 Re3 45. Qf2 Rcc3 46. Rf1 Qd8 47. Rxf7 Rxh3+ 48. Bxh3 Rxh3+ 49. Kg1 Nd3 50. Rxg7+ Kh8 51. Qg2 Rh4 52. Rgf7 Ne5 53. Rf8+ Qxf8 54. Rxf8+ Kg7 55. Ne6+ Kh7 56. Rf4 1-0

[Event "ECU pre olympic"]
[Site "Duran"]
[Date "2016.05.15"]
[Round "11"]
[White "Leon Calderon, Jonathan Francisco"]
[Black "Menes Camejo, Ivan"]
[Result "1-0"]
[WhiteElo "2091"]
[BlackElo "1968"]
[PlyCount "92"]
[EventDate "2016.05.09"]
[EventType "tourn"]
[EventRounds "11"]
[EventCountry "ECU"]
[SourceTitle "CBM 172 Extra"]
[Source "ChessBase"]
[SourceDate "2016.06.21"]
[SourceVersion "1"]
[SourceVersionDate "2016.06.21"]
[SourceQuality "1"]

1. e4 e5 2. Nf3 Nc6 3. Bc4 Bc5 4. 0-0 Nf6 5. Qe2 d6 6. c3 a6 7. a4 0-0 8. b4 Bb6 9. d3 Ne7 10. a5 Ba7 11. Be3 Ng6 12. Qa2 c6 13. Nbd2 h6 14. Rfe1 Qc7 15. Bb3 Re8 16. Nc4 Bg4 17. Nfd2 Nf4 18. Bxf4 exf4 19. d4 Rad8 20. e5 dxe5 21. Nxe5 Be6 22. Ndf3 Nd5 23. Qd2 Qe7 24. Bc2 Qf6 25. Re2 Ne7 26. Rae1 c5 27. bxc5 Bxc5 28. Ba4 Rf8 29. Qb2 Bd6 30. c4 Bc8 31. Bc2 Bc7 32. Qc3 Nc6 33. Nxc6 Qxc6 34. Be4 Qa4 35. Ra1 Qd7 36. Rb2 Rfe8 37. Bd5 Re7 38. Rb3 Rde8 39. h3 Qd6 40. Rab1 Qd8 41. Ra3 b5 42. Bc6 bxc4 43. Bxe8 Rxe8 44. Qxc4 Bxa5 45. Rb8 Bc7 46. Ra8 Bb7 1-0

[Event "ECU pre olympic"]
[Site "Duran"]
[Date "2016.05.14"]
[Round "9"]
[White "Leon Calderon, Jonathan Francisco"]
[Black "Macias Murillo, Bryan"]
[Result "0-1"]
[WhiteElo "2091"]
[BlackElo "2272"]
[PlyCount "70"]
[EventDate "2016.05.09"]
[EventType "tourn"]
[EventRounds "11"]
[EventCountry "ECU"]
[SourceTitle "CBM 172 Extra"]
[Source "ChessBase"]
[SourceDate "2016.06.21"]
[SourceVersion "1"]
[SourceVersionDate "2016.06.21"]
[SourceQuality "1"]

1. e4 c5 2. Nf3 Nc6 3. Bb5 Na5 4. Be2 g6 5. 0-0 Bg7 6. d4 cxd4 7. Nxd4 Nc6 8. Be3 Nf6 9. Nc3 d6 10. h3 0-0 11. f4 Qb6 12. Na4 Qa5 13. Nxc6 bxc6 14. Nc3 Qb4 15. Qd3 Nd7 16. Rab1 a5 17. a3 Qb8 18. Bd4 Ba6 19. Qd2 Bxd4+ 20. Qxd4 Qb6 21. Rfd1 Rfb8 22. Bg4 Qxd4+ 23. Rxd4 Nb6 24. b3 Bc8 25. Bf3 Ra7 26. b4 Nd7 27. Rc4 axb4 28. axb4 c5 29. Rb3 Rab7 30. bxc5 Rxb3 31. cxb3 Nxc5 32. b4 Be6 33. bxc5 Bxc4 34. c6 e6 35. f5 Rc8 0-1

[Event "ECU pre olympic"]
[Site "Duran"]
[Date "2016.05.14"]
[Round "10"]
[White "Noboa Silva, Kevin Omar"]
[Black "Leon Calderon, Jonathan Francisco"]
[Result "1-0"]
[WhiteElo "2126"]
[BlackElo "2091"]
[PlyCount "87"]
[EventDate "2016.05.09"]
[EventType "tourn"]
[EventRounds "11"]
[EventCountry "ECU"]
[SourceTitle "CBM 172 Extra"]
[Source "ChessBase"]
[SourceDate "2016.06.21"]
[SourceVersion "1"]
[SourceVersionDate "2016.06.21"]
[SourceQuality "1"]

1. e4 e6 2. d4 d5 3. Nd2 b6 4. Ngf3 Nf6 5. e5 Nfd7 6. c3 c5 7. Bd3 Ba6 8. Bxa6 Nxa6 9. 0-0 Be7 10. c4 Nc7 11. cxd5 Nxd5 12. Ne4 0-0 13. Bg5 cxd4 14. Qxd4 Nc5 15. Bxe7 Qxe7 16. Nd6 a5 17. Rfd1 a4 18. Rac1 Rfd8 19. Qc4 Nb7 20. Ne4 Qb4 21. Qc2 h6 22. Nd4 Qf8 23. Qc6 Qe7 24. a3 Kh8 25. g3 Rd7 26. Nb5 Rf8 27. Qc2 Ra8 28. Rd4 Ra5 29. Nbd6 Rc7 30. Qd1 Rxc1 31. Qxc1 Nxd6 32. exd6 Qd7 33. Rc4 f5 34. Rc8+ Kh7 35. Qc6 Qxc6 36. Rxc6 Ra8 37. Nc3 Nxc3 38. bxc3 b5 39. f4 Rd8 40. Kf2 Kg6 41. Ke3 Kf6 42. Kd4 g5 43. Kc5 Rd7 44. Rc7 1-0

[Event "ECU pre olympic"]
[Site "Duran"]
[Date "2016.05.13"]
[Round "8"]
[White "Martinez Maya, Steeven Orlando"]
[Black "Leon Calderon, Jonathan Francisco"]
[Result "1-0"]
[WhiteElo "2103"]
[BlackElo "2091"]
[PlyCount "81"]
[EventDate "2016.05.09"]
[EventType "tourn"]
[EventRounds "11"]
[EventCountry "ECU"]
[SourceTitle "CBM 172 Extra"]
[Source "ChessBase"]
[SourceDate "2016.06.21"]
[SourceVersion "1"]
[SourceVersionDate "2016.06.21"]
[SourceQuality "1"]

1. e4 c5 2. Nc3 g6 3. f4 Bg7 4. Nf3 e6 5. d4 cxd4 6. Nxd4 Ne7 7. Be3 0-0 8. Qd2 Nbc6 9. 0-0-0 d5 10. e5 f6 11. exf6 Bxf6 12. Nb3 a5 13. a4 Bd7 14. Nb5 b6 15. N3d4 Nxd4 16. Bxd4 Nc6 17. Bxf6 Qxf6 18. g3 Rac8 19. Kb1 Nb4 20. Rc1 Bxb5 21. Bxb5 d4 22. h4 Rc5 23. Rhd1 Rd5 24. Bc4 Rdd8 25. Re1 Nd5 26. Re5 Nc7 27. Rce1 Rd6 28. h5 Rfd8 29. hxg6 hxg6 30. Bd3 Rd5 31. R5e2 Rh5 32. g4 Rh4 33. f5 Rxg4 34. fxe6 Re8 35. e7 Rf4 36. Rg2 g5 37. Qe2 Rh4 38. Reg1 Ne6 39. Bc4 Kf7 40. Rxg5 Kxe7 41. Rg6 1-0

[Event "ECU pre olympic"]
[Site "Duran"]
[Date "2016.05.12"]
[Round "6"]
[White "Chang Suarez, Andres Felipe"]
[Black "Leon Calderon, Jonathan Francisco"]
[Result "0-1"]
[WhiteElo "2020"]
[BlackElo "2091"]
[PlyCount "106"]
[EventDate "2016.05.09"]
[EventType "tourn"]
[EventRounds "11"]
[EventCountry "ECU"]
[SourceTitle "CBM 172 Extra"]
[Source "ChessBase"]
[SourceDate "2016.06.21"]
[SourceVersion "1"]
[SourceVersionDate "2016.06.21"]
[SourceQuality "1"]

1. e4 c5 2. Nc3 g6 3. g3 Bg7 4. Bg2 e6 5. d3 Ne7 6. h4 h5 7. Nh3 Nbc6 8. 0-0 d5 9. exd5 exd5 10. Bg5 Bg4 11. f3 Bf5 12. Kh2 Qd7 13. a3 0-0-0 14. Rb1 Be5 15. Bd2 c4 16. dxc4 dxc4 17. Rf2 Nd4 18. Qf1 Qc7 19. f4 Bf6 20. Be3 Rhe8 21. Ng5 Nec6 22. Nge4 Bxe4 23. Nxe4 Nf5 24. Bd2 Bd4 25. Re2 Re7 26. c3 Bb6 27. Rbe1 Rd3 28. Bc1 Kb8 29. Bh3 a6 30. Bxf5 gxf5 31. Nf6 Re6 32. Nxh5 Rg6 33. Re8+ Nd8 34. Be3 Qd7 35. Bf2 Bxf2 36. Qxf2 Re6 37. R8xe6 fxe6 38. g4 fxg4 39. Qg2 Rh3+ 40. Kg1 Rxh4 41. Nf6 Qe7 42. Ne4 Nf7 43. Rd1 Nh6 44. Rd4 Nf5 45. Rd2 Qc7 46. Rf2 Qb6 47. Nf6 Qd8 48. Ne4 Qd3 49. Nc5 Qd1+ 50. Rf1 Qd5 51. Qxd5 exd5 52. Re1 g3 53. Re5 Rxf4 0-1

[Event "South America-ch U20"]
[Site "Asuncion"]
[Date "2012.06.18"]
[Round "5"]
[White "Leon Calderon, Jonathan Francisco"]
[Black "Gemy Vargas, Jose Daniel"]
[Result "0-1"]
[WhiteElo "2102"]
[BlackElo "2345"]
[PlyCount "86"]
[EventDate "2012.06.15"]
[EventType "swiss"]
[EventRounds "9"]
[EventCountry "PAR"]
[SourceTitle "CBM 149 Extra"]
[Source "ChessBase"]
[SourceDate "2012.08.24"]
[SourceVersion "1"]
[SourceVersionDate "2012.08.24"]
[SourceQuality "1"]

1. e4 c5 2. Nf3 Nc6 3. d4 cxd4 4. Nxd4 e5 5. Nb5 a6 6. N5c3 Nf6 7. Bc4 Be7 8. 0-0 0-0 9. a4 d6 10. Na3 Be6 11. Be3 Rc8 12. Qe2 Nd4 13. Bxd4 exd4 14. Nd5 Nxd5 15. exd5 Bd7 16. b3 Bf6 17. Rae1 Qa5 18. Nb1 Bg5 19. Qd1 Qc5 20. Bd3 f5 21. Nd2 b5 22. h4 Bxh4 23. Qh5 Bd8 24. axb5 g6 25. Qh2 axb5 26. Ra1 Qxd5 27. Ra7 Rf7 28. Re1 Kg7 29. f4 Bb6 30. Ra6 Qb7 31. Raa1 Bc6 32. Kf2 Re8 33. Rxe8 Bxe8 34. Nf3 Bd8 35. Re1 Qd7 36. Kg3 Re7 37. Rh1 h5 38. Qg1 Re3 39. Qa1 Bf6 40. Kf2 Qb7 41. Rd1 Qb6 42. Qa8 Bc6 43. Qc8 Re8 0-1

[Event "Pan American-ch U20"]
[Site "Duran"]
[Date "2011.06.08"]
[Round "6"]
[White "Leon Calderon, Jonathan Francisco"]
[Black "Ortiz Quishpi, Oscar"]
[Result "1-0"]
[WhiteElo "2133"]
[BlackElo "1956"]
[PlyCount "57"]
[EventDate "2011.06.05"]
[EventType "swiss"]
[EventRounds "9"]
[EventCountry "ECU"]
[SourceTitle "EXT 2022"]
[Source "ChessBase"]
[SourceDate "2021.10.06"]
[SourceVersion "1"]
[SourceVersionDate "2021.10.06"]
[SourceQuality "1"]

1. e4 c5 2. Nf3 e6 3. d4 cxd4 4. Nxd4 a6 5. c4 Qc7 6. Be2 Bc5 7. 0-0 Nf6 8. Nc3 0-0 9. Bg5 Be7 10. Qd2 h6 11. Be3 Rd8 12. a3 Nc6 13. h3 d5 14. cxd5 exd5 15. Nxc6 bxc6 16. exd5 Nxd5 17. Nxd5 Rxd5 18. Qc1 Bb7 19. Bc4 Rd7 20. b4 Rad8 21. Bc5 Bf6 22. Ra2 Bd4 23. Re2 Bxc5 24. bxc5 Re7 25. Rfe1 Rde8 26. Qc2 Rxe2 27. Rxe2 Re5 28. Qd3 Rxe2 29. Qxe2 1-0

[Event "Pan American-ch U20"]
[Site "Duran"]
[Date "2011.06.08"]
[Round "5"]
[White "Leon Magallanes, Isaac David"]
[Black "Leon Calderon, Jonathan Francisco"]
[Result "1-0"]
[WhiteElo "1929"]
[BlackElo "2133"]
[PlyCount "65"]
[EventDate "2011.06.05"]
[EventType "swiss"]
[EventRounds "9"]
[EventCountry "ECU"]
[SourceTitle "EXT 2022"]
[Source "ChessBase"]
[SourceDate "2021.10.06"]
[SourceVersion "1"]
[SourceVersionDate "2021.10.06"]
[SourceQuality "1"]

1. d4 e6 2. c4 Nf6 3. Nf3 c5 4. Nc3 a6 5. e4 cxd4 6. Nxd4 Qc7 7. Be3 Bb4 8. f3 0-0 9. Qb3 Bc5 10. Na4 b6 11. Qc3 Nc6 12. Nxc5 bxc5 13. Nxc6 Qxc6 14. e5 d5 15. exf6 d4 16. Qc2 dxe3 17. Bd3 Qb6 18. Bxh7+ Kh8 19. fxg7+ Kxg7 20. Be4 Qb4+ 21. Ke2 Rb8 22. b3 f5 23. Bd3 f4 24. g3 Bb7 25. gxf4 Rxf4 26. Rag1+ Kh8 27. Qb2+ Rd4 28. Rg3 Rg8 29. Rh3+ Kg7 30. Rg1+ Kf8 31. Rxg8+ Kxg8 32. Qc1 Rd7 33. Qxe3 1-0

[Event "Pan American-ch U20"]
[Site "Duran"]
[Date "2011.06.06"]
[Round "3"]
[White "Cori Tello, Deysi Estella"]
[Black "Leon Calderon, Jonathan Francisco"]
[Result "1-0"]
[WhiteElo "2386"]
[BlackElo "2133"]
[PlyCount "75"]
[EventDate "2011.06.05"]
[EventType "swiss"]
[EventRounds "9"]
[EventCountry "ECU"]
[SourceTitle "EXT 2022"]
[Source "ChessBase"]
[SourceDate "2021.10.06"]
[SourceVersion "1"]
[SourceVersionDate "2021.10.06"]
[SourceQuality "1"]

1. d4 Nf6 2. c4 g6 3. Nf3 Bg7 4. g3 d5 5. cxd5 0-0 6. Bg2 Nxd5 7. 0-0 c6 8. h3 Re8 9. e4 Nb6 10. Nc3 N8d7 11. Qc2 h6 12. Rd1 Nf8 13. b3 Be6 14. Be3 Qd7 15. Kh2 g5 16. Ne5 Qc8 17. f4 f6 18. Nd3 gxf4 19. Nxf4 Bf7 20. Qe2 Ng6 21. Nh5 Kh7 22. Nxg7 Kxg7 23. Rac1 Rh8 24. e5 Qe6 25. Ne4 Nd7 26. exf6+ exf6 27. Qf2 Rhe8 28. Re1 f5 29. d5 cxd5 30. Bd4+ Nde5 31. Nc5 Qd6 32. Qxf5 Kg8 33. Nxb7 Qb4 34. Bxe5 Nxe5 35. Rxe5 Qxb7 36. Rxd5 Qa6 37. Rd7 Bg6 38. Qd5+ 1-0